| 000 | 00470nam a22002057a 4500 | ||
|---|---|---|---|
| 020 | _a978-0-141-33021-1 | ||
| 082 |
_a823 _bCAS/L |
||
| 100 | _aCASSIDY, CATHY | ||
| 245 | _aCATHY CASSIDY | ||
| 246 | _aLUCKY STAR | ||
| 246 | _aLOVE, PEACE & CHOCOLTE | ||
| 246 | _aSHINE ON DAIZY STAR | ||
| 246 | _aINDIGO BLUE | ||
| 246 | _aDIZZY | ||
| 260 |
_aENGLAND _bPUFFIN BOOKS _c2010 |
||
| 300 | _a112 | ||
| 520 | _aENGLISH STORY | ||
| 650 | _aENGLISH STORY | ||
| 942 | _cBK | ||
| 999 |
_c5747 _d5747 |
||